Çaya ve Çaykur'a sahip çıkıyoruz (Record no. 4437)

MARC details
000 -BAŞLIK
Sabit Uzunlukta Kontrol Alanı 00952na a2200313 4500
001 - KONTROL NUMARASI
Denetim Alanı 21095
003 - KONTROL NUMARASI IDENTIFIER
Denetim Alanı MIRAKIL
005 - SON İŞLEM TARİHİ VE ZAMANI
Denetim Alanı 20181213155005.0
008 - SABİT-BOY VERİ ELEMANLARI - GENEL BİLGİLER
Sabit Uzunlukta Kontrol Alanı 170131b tu 000 0
035 ## - SİSTEM KONTROL NUMARASI
Sistem Kontrol Numarası 21095
040 ## - KATALOGLAMA KAYNAK
Orijinal Kataloglama Ajansı Milas
Kataloglama Dili tur
Metne Dönüştürmek Ajansı TR-AnCHP
041 ## - DİL KODU
Metin / Ses Parça Veya Ayrı Başlığın Dil Kodu tur
082 ## - DEWEY ONLU SINIFLANDIRMA NUMARASI
Sınıflandırma Numarası CHP 338.17372
Ürün Numarası C36ç [201?]
090 ## - SINIFLAMA NUMARASI
Sınıflama Numarası CHP 338.17372 C36ç [201?]
110 ## - ANA GİRİŞ - KURUMSAL ADI
Giriş Elemanı Olarak Kurumsal Ad Veya Yargı Alanı Adı Cumhuriyet Halk Partisi (CHP)
245 ## - BAŞLIK TABLOSU
Başlık Çaya ve Çaykur'a sahip çıkıyoruz
Sorumluluk Tablosu, Vb CHP
260 ## - YAYIN, DAĞITIM, VB
Yayın, Dağıtım, Vb Yeri Ankara
Yayıncı, Dağıtıcı, Vs Adı CHP
Yayın, Dağıtım, Vb Tarihi [201?]
300 ## - FİZİKSEL TANIM
Kapsam ktl. broşür
Diğer Fiziksel Ayrıntıları rnk. res.
Boyutlar 20 sm.
440 ## - SERİSİ TABLOSU / KATMA GİRİŞİ - BAŞLIK
Başlık Cumhuriyet Halk Partisi yayınları
Bir İşin Parçası / Bölümün İsmi Broşürler
610 ## - KONU KATMA GİRİŞ - TOPLANTI ADI
Giriş Elemanı Olarak Kurumsal Ad Veya Yargı Alanı Adı Çaykur
610 ## - KONU KATMA GİRİŞ - TOPLANTI ADI
Giriş Elemanı Olarak Kurumsal Ad Veya Yargı Alanı Adı CHP
Genel Alt Bölüm Tarım sorunları
Kronolojik Alt Bölüm Çözüm önerileri
610 ## - KONU KATMA GİRİŞ - TOPLANTI ADI
Giriş Elemanı Olarak Kurumsal Ad Veya Yargı Alanı Adı CHP
Genel Alt Bölüm Çay üretimi
Kronolojik Alt Bölüm Broşürler
610 ## - KONU KATMA GİRİŞ - TOPLANTI ADI
Giriş Elemanı Olarak Kurumsal Ad Veya Yargı Alanı Adı CHP
Genel Alt Bölüm Propaganda ve ideolojiler
Kronolojik Alt Bölüm Tarım politikaları
830 ## - SERİSİ EKLENDİ GİRİŞ - ÜNİFORM ADI
Üniforma Başlık CHP broşürleri
942 ## - EKLENDİ GİRİŞ ELEMANLARI (KOHA)
Sınıflandırma Veya Raf Düzeni Kaynak
Koha Öğesi Türü Books
999 ## - SİSTEM KONTROL NUMARALARI (KOHA)
Koha Biblionumber 4437
Koha Biblioitemnumber 4437
657 ## - INDEX SÜRE - İŞLEVİ
-- CHP tarım politikası
657 ## - INDEX SÜRE - İŞLEVİ
-- CHP çay raporu
Holdings
Kalıcı Konum Mevcut Konum Edinme Tarihi Edinim Kaynak Toplam Check-Out'Lar Tam Çağrı Numarası Barkod Tarih Son Görülme İtibaren Geçerli Fiyatlar Koha Öğesi Türü
CHP Kütüphanesi CHP Kütüphanesi 01/31/2017 Bağış   CHP 338.17372 C36ç [201?] 013276 01/31/2017 01/31/2017 Books